00888 a2200229 450000500170000000800410001702000180005804000440007604100080012010000310012824501920015926000440035130000180039549000280041365000420044165000380048365000280052165000410054965000180059070000180060870000320062620191016120327.0191016s2002 f ||||| |||| 00| 0 fre d a9782707133700 aCO-BoUCMbspacSaul NiñodSaul Niño1 afre10aBecker, Howard Sauld1928-14aLes ficelles du métierbcomment conduire sa recherche en sciences socialesc[Howard, S.Becker ; la edición en francesa por Henri Peretz ; traducción anglosajona por Jacques Mailhos] aParisbÉditions La Découvertec2002 a352 páginas0 aGuides Grands Repères 7aInvestigación en ciencias sociales  7aCiencias sociales xMetodología 7aInvestigación social  7aMetodología de la investigación  7aSociología 1 aPeretz, Henri1 aMailhos, Jacquesetraductor